Normal view
MARC view
Entry Personal Name
001 - CONTROL NUMBER
- control field: 35710
003 - CONTROL NUMBER IDENTIFIER
- control field: ARRUPE
005 - DATE AND TIME OF LATEST TRANSACTION
- control field: 20170906103800.0
008 - FIXED-LENGTH DATA ELEMENTS
- fixed length control field: 170906|| aca||aabn | a|a d
040 ## - CATALOGING SOURCE
- Original cataloging agency: ARRUPE
- Transcribing agency: ARRUPE
100 ## - HEADING--PERSONAL NAME
- Personal name: Kaulemu, David
- Relator term: ed.
670 ## - SOURCE DATA FOUND
- Source citation: Work cat.: (ARRUPE): Faith perspectives on migration and human trafficking, 2012